Countries That Use Capital Punishment - Statistics

General Stats
  • This quiz has been taken 1,222 times
    549 since last reset
  • The average score is 26 of 34
Answer Stats
Continent Country % Correct
Asia China
93%
Asia Iran
92%
North America United States
91%
Asia Iraq
90%
Asia Saudi Arabia
89%
Asia India
88%
Asia Pakistan
88%
Asia North Korea
87%
Asia Oman
87%
Asia Yemen
87%
Asia Afghanistan
86%
Asia Indonesia
86%
Asia United Arab Emirates
85%
Asia Qatar
84%
Africa Egypt
81%
Asia Syria
81%
Asia Japan
80%
Asia Vietnam
80%
Asia Bahrain
79%
Asia Kuwait
79%
Africa Sudan
77%
Asia Thailand
77%
Asia Jordan
76%
Asia Malaysia
75%
Asia Bangladesh
73%
Europe Belarus
72%
Africa Nigeria
71%
Asia Singapore
71%
Africa Somalia
70%
Africa South Sudan
66%
Asia Taiwan
58%
Africa Botswana
31%
Africa Gambia
28%
Africa Equatorial Guinea
22%
No matching quizzes found
Score Distribution
Percent of People with Each Score
Percentile by Number Answered
Your Score History
You have not taken this quiz since the last reset